000 00375nam a22001577a 4500
005 20161022160323.0
008 161022b xxu||||| |||| 00| 0 eng d
020 _a978-81-7119-756-9
041 _aeng
100 _aJOSHI,RAMSHARAN
_93656
245 _aMEDIA AUR BAZARWAD
260 _bRADHA KRISHNAN
300 _a143
650 _aMASS COM @JOURNALISM
_93631
942 _cBK
999 _c5303
_d5301